Human biology : an evolutionary and biocultural perspective /

Sonraí bibleagrafaíochta
Rannpháirtithe: Stinson, Sara
Formáid: LEABHAR
Teanga:English
Foilsithe / Cruthaithe: New York : Wiley-Liss, c2000.
Ábhair:
Classic Catalogue: View this record in Classic Catalogue
LEADER 01297nam a22003374a 4500
001 42069
003 BD-DhAAL
005 20251020165836.0
008 240114t2000 nyua b 001 0 eng d
010 |a  99052180  
020 |a 0471137464 
020 |a 9780471137467 
020 |a 0471316164 (alk. paper) 
040 |a DLC  |c DLC  |d DLC  |d BD-DhAAL 
042 |a pcc 
050 0 0 |a GN60  |b .H82 2000 
082 0 0 |a 599.9 
245 0 0 |a Human biology :  |b an evolutionary and biocultural perspective /  |c edited by Sara Stinson ... [et al.]. 
246 |a Human biology 
260 |a New York :  |b Wiley-Liss,  |c c2000. 
300 |a xii, 639 pages :  |b illustrations ;  |c 25 cm 
504 |a Includes bibliographical references and index. 
526 |a ESS 
541 |a Complimentary copy from Professor Dr. Nasreen Khundker  |e 42069 
650 0 |a Physical anthropology. 
650 0 |a Human biology.  |9 9561 
700 1 |a Stinson, Sara.  |9 55931 
852 |a Ayesha Abed Library  |c General Stacks 
942 |2 ddc  |c BK 
999 |c 46298  |d 46298 
952 |0 0  |1 0  |2 ddc  |4 0  |6 599_900000000000000_HUM  |7 0  |9 74948  |a BRACUL  |b BRACUL  |c GEN  |d 2024-01-14  |e Complimentary copy from Professor Dr. Nasreen Khundker  |l 2  |o 599.9 HUM  |p 3010042069  |r 2025-12-03  |s 2025-11-26  |t 1  |w 2024-01-14  |y BK  |x Complimentary copy from Professor Dr. Nasreen Khundker